Szczegóły MARC21

Metropole und Provinz in der österreichischen Literatur des 19. und 20. Jahrhunderts : Beiträge des 10. Österreichisch-Polnischen Germanistentreffens, Wien 1992 /

003 -Nazwa inst., której nr kontr. jest w polu 001 [,]
    • @
    • Nazwa instytucji, której n kontrolny jest w polu 001
    • NUKAT
005 -DATA I CZAS OSTATNIEJ MODYFIKACJI [,]
    • @
    • pole kontrolne
    • 20241231091221.0
020 -Międzynarod. znormalizowany nr książki - ISBN [ , ]
    • a
    • Numer ISBN
    • 3900467412 Find
040 -Instytucja sporządzająca opis [ , ]
    • a
    • Instytucja, która sporządziła opis (NP)
    • KR U/84BK
    • c
    • Instytucja, która sporządziła rekord (NP)
    • KR U/84BK
    • d
    • Instytucja, która zmodyfikowała rekord (P)
    • KR U/84BK
    • d
    • Instytucja, która zmodyfikowała rekord (P)
    • LUBL U/roks
942 -Rodzaj dokumentu [ , ]
    • c
    • Rodzaj dokumentu
    • Książka
245 -Strefa tytułu i oznaczenia odpowiedzialności [0,0]
    • a
    • Tytuł
    • Metropole und Provinz in der österreichischen Literatur des 19. und 20. Jahrhunderts : Find
    • b
    • Ciąg dalszy tytułu (NP)
    • Beiträge des 10. Österreichisch-Polnischen Germanistentreffens, Wien 1992 / Find
    • c
    • Pozostałe elementy strefy tytułu i oznaczenia odpowiedzialności (NP)
    • Hrsg. von Arno Dusini und Karl Wagner.
260 -Strefa adresu wydawniczego [ , ]
    • a
    • Miejsce wydania (P)
    • Wien :
    • b
    • Nazwa wydawcy (P)
    • Zirkular,
    • c
    • Data wydania (P)
    • 1994.
300 -Strefa opisu fizycznego [ , ]
    • a
    • Określenie formy książki i/lub objętość (NP)
    • 304 s.
    • c
    • Format (NP)
    • 23 cm.
336 -Typ zawartości [ , ]
    • a
    • Termin opisujący typ zawartości
    • Tekst
    • b
    • Kod określający zawartość
    • txt
    • 2
    • Źródło (terminu i kodu)
    • rdacontent
337 -Typ mediów [ , ]
    • a
    • Tryb odtwarzania
    • Bez urządzenia pośredniczącego
    • b
    • Kod typu mediów
    • n
    • 2
    • Źródło (terminu i kodu)
    • rdamedia
338 -Typ/rodzaj nośnika [ , ]
    • a
    • Hasło opisujące typ nośnika
    • Wolumin
    • b
    • Kod typu nośnika
    • nc
    • 2
    • Źródło (terminu i kodu)
    • rdacarrier
490 -Strefa serii i książki wielotomowej - forma nie do wyszukiwania [1, ]
    • a
    • Tytuł (P)
    • Zirkular. Sondernummer ; Find
    • v
    • Numeracja (P)
    • 41
830 -Hasło dodatkowe serii i opisu książki wielotomowej - tytuł ujednolicony/tytuł [ ,0]
    • a
    • Tytuł ujednolicony/tytuł (NP)
    • Zirkular.
    • p
    • Nazwa części/podserii/sekcji (P)
    • Sondernummer
    • 9
    • KHW
    • 516177
080 -Uniwersalna Klasyfikacja Dziesiętna [ , ]
    • a
    • Symbol klasyfikacji
    • 830(436)(091)"18/19"(061.3)=30
650 -Hasło przedmiotowe [ ,7]
    • a
    • Hasło przedmiotowe
    • Miasta
    • x
    • Określnik rzeczowy
    • w literaturze.
    • 2
    • Źródło terminu
    • kaba
    • 9
    • KHW
    • 119170
650 -Hasło przedmiotowe [ ,7]
    • a
    • Hasło przedmiotowe
    • Prowincja
    • x
    • Określnik rzeczowy
    • w literaturze.
    • 2
    • Źródło terminu
    • kaba
    • 9
    • KHW
    • 402654
650 -Hasło przedmiotowe [ ,7]
    • a
    • Hasło przedmiotowe
    • Literatura austriacka
    • y
    • Określnik chronologiczny
    • 19 w.
    • x
    • Określnik rzeczowy
    • tematy, motywy.
    • 2
    • Źródło terminu
    • kaba
    • 9
    • KHW
    • 516227
650 -Hasło przedmiotowe [ ,7]
    • a
    • Hasło przedmiotowe
    • Literatura austriacka
    • y
    • Określnik chronologiczny
    • 20 w.
    • x
    • Określnik rzeczowy
    • tematy, motywy.
    • 2
    • Źródło terminu
    • kaba
    • 9
    • KHW
    • 469438
980 -Symbol UKD [ , ]
    • a
    • UKD
    • 830(436)(091)"18/19"(061.3)=30
700 -Hasło dodatkowe - nazwa osobowa [1, ]
    • a
    • Nazwa osobowa (NP)
    • Dusini, Arno. Find
    • e
    • Określenie rodzaju współpracy
    • Red.
    • 9
    • KHW
    • 516176
700 -Hasło dodatkowe - nazwa osobowa [1, ]
    • a
    • Nazwa osobowa (NP)
    • Wagner, Karl Find
    • d
    • Daty biograficzne (NP)
    • (1950- ).
    • e
    • Określenie rodzaju współpracy
    • Red.
    • 9
    • KHW
    • 466458
920 -ISBN [ , ]
    • a
    • ISBN
    • 3-900467-41-2 Find
Sygnatura Status udost. Numer inwentarzowy Data inwentaryzacji Lokalizacja
 1G.127121997-04-18BM
GERM. Literatura austriacka 081G.126381997-04-03BM